| 000 | 00503nam a2200145Ia 4500 | ||
|---|---|---|---|
| 005 | 20260328101446.0 | ||
| 008 | 260328s9999||||xx |||||||||||||| ||und|| | ||
| 100 | _aFritz D., Alexander | ||
| 245 | 0 |
_aManual de Diseño - Construcción, montaje y aplicación del muro envolvente : _b Diseño por envolvente para la Vivienda de Madera / _cAlexander Fritz D. |
|
| 250 | _a1a ed. | ||
| 260 | _bPontificia Universidad Católica de Chile | ||
| 300 | _a174 p. | ||
| 650 | _aDETALLES CONSTRUCTIVOS | ||
| 942 | _cBK | ||
| 999 |
_c8461 _d8461 |
||